000 00578nam a22001817a 4500
999 _c195049
_d195049
005 20230209164232.0
010 _aENG-136186
020 _a9789386050458
_c750.00
035 _aEN-119718
037 _bDBAD/PUB
082 _a971.105092
100 _aDosanjh, Ujjal
245 _aJourney After Midnight:
_bIndia, Canada and the Road Beyond/
_cUjjal Dosanjh
260 _aNew Delhi
_bSpeaking Tiger Publishing
_c2016
270 _a4381/4 Ansari Road Daryaganj
_bNew Delhi
_e110002
300 _a398p.
_bIndex
_c24cm.(hbk)
942 _2ddc
_cEN
_h971.105092
_mDOS